| 000 | 01002 a2200253 4500 | ||
|---|---|---|---|
| 999 |
_c1628 _d1628 |
||
| 020 | _a9780073378640 (pbk.) | ||
| 020 | _a007337864X (pbk.) | ||
| 050 | 0 | 0 | _aLA217.2 |
| 100 | 1 |
_aNelson, Jack L. _eauthor |
|
| 245 | 1 | 0 |
_aCritical issues in education : _bdialogues and dialectics / _cJack L. Nelson, Stuart B. Palonsky, Mary Rose McCarthy ; foreword by Nel Noddings. |
| 250 | _a7th ed. | ||
| 264 |
_aNew Delhi: _bMcGrawHill, _c2010 |
||
| 300 |
_axix, 491 p. : _bill. |
||
| 500 | _aIncludes index | ||
| 504 | _aIncludes bibliographical references and index. | ||
| 650 | 0 | _aEducation | |
| 650 | 0 | _aTeaching | |
| 650 | 0 | _aEducational evaluation | |
| 650 | 0 | _aCritical thinking | |
| 700 | 1 |
_aPalonsky, Stuart B. _eauthor |
|
| 700 | 1 |
_aMcCarthy, Mary Rose. _eauthor |
|
| 942 |
_2lcc _cBK _hLA 217.2 _iNEL 2010 _kLA |
||